|
|
|
|
| LEADER |
00000nab a2200000 a 4500 |
| 001 |
vtls000206783 |
| 003 |
SK-MaSNL |
| 005 |
20260303210144.0 |
| 008 |
111130c1985 xo 0 slo |
| 015 |
|
|
|a SNBRB19rr/mm-uuuuu
|
| 035 |
|
|
|a CL0216896
|
| 040 |
|
|
|a SNKBUCL
|b slo
|c SNKBUCL
|e AACR2
|
| 041 |
0 |
|
|a slo
|
| 044 |
|
|
|a xo
|c SK
|
| 080 |
|
|
|a 7.097
|2 1981
|
| 100 |
1 |
|
|a Kurilko, Ján
|4 aut
|9 882512
|
| 245 |
1 |
0 |
|a Udeliť hodnosť chlapa
|b Zamyslenie nad inscenáciou košického štúdia Čs. televízie
|c Ján Kurilko
|
| 600 |
1 |
7 |
|a Čebalin, J.
|t Udeliť hodnosť chlapa
|x recenzie
|2 snkbucl
|9 1241525
|
| 610 |
|
7 |
|a Československá televízia.
|b Štúdio Košice
|2 snkbucl
|9 227060
|
| 610 |
2 |
7 |
|a Československá televízia.
|b Štúdio Košice
|2 snkbucl
|9 227060
|
| 651 |
|
7 |
|a 5403
|2 snkbucl
|9 893808
|
| 655 |
|
7 |
|a články z novín a časopisov
|2 snkbucl
|9 267496
|
| 773 |
0 |
|
|t Východoslovenské noviny
|g Roč. 34, č. 37 (13. 2. 1985), s. 4
|
| 850 |
|
|
|a Slovenská národná knižnica v Martine
|a MTA001
|
| 852 |
|
|
|a SNK
|b KIS3GCP
|
| 958 |
|
|
|a RK
|
| 992 |
|
|
|a RBX
|
| 999 |
|
|
|c 2199032
|d 2200962
|